GROW - záchranné koleso v koučingu
Čo znamená GROW. História a pôvod Grow. Jednotlivé fázy a kritéria. Istota a koncepcia koučingovégo procesu. Realita a komplexnosť využívania Grow. Rady a poučenia.
Na minha lista:
| Autor principal: | |
|---|---|
| Formato: | Capítulo de Livro |
| Idioma: | eslovaco |
| Assuntos: | |
| Tags: |
Sem tags, seja o primeiro a adicionar uma tag!
|
MARC
| LEADER | 00000naa$a2200000$$$4500 | ||
|---|---|---|---|
| 001 | 0098136 | ||
| 005 | 20230912093804.1 | ||
| 041 | 0 | |a slo | |
| 044 | |a SK | ||
| 245 | 1 | 0 | |a GROW - záchranné koleso v koučingu |c Martin Prodaj |
| 520 | |a Čo znamená GROW. História a pôvod Grow. Jednotlivé fázy a kritéria. Istota a koncepcia koučingovégo procesu. Realita a komplexnosť využívania Grow. Rady a poučenia. | ||
| 610 | 2 | 0 | |a manažéri |
| 610 | 2 | 0 | |a riadenie |
| 610 | 2 | 0 | |a zisk |
| 610 | 2 | 0 | |a ciele riadenia |
| 610 | 2 | 0 | |a plán |
| 610 | 2 | 0 | |a koncepcie |
| 610 | 2 | 0 | |a výsledok hospodársky |
| 610 | 2 | 0 | |a zamestnanci |
| 100 | 1 | |a Prodaj, Martin | |